Využitie jazyka R v optimalizácii zaistenia

Saved in:
Bibliographic Details
Main Author: Slaninka, František, 1973-
Format: Book Chapter
Language:Slovak
Subjects:
Tags: Add Tag
No Tags, Be the first to tag this record!

MARC

LEADER 00000naa$a2200000$$$4500
001 0305448
005 20241205094056.2
041 0 |a slo 
044 |a SK 
245 1 0 |a Využitie jazyka R v optimalizácii zaistenia  |c František Slaninka 
500 |a Abstrakt 
610 2 0 |a jazyky programovacie 
610 2 0 |a optimalizácia 
610 2 0 |a poistenie 
610 2 0 |a algoritmy 
100 1 |a Slaninka, František, 1973-